Tennis Players with the most Grand Slam Titles - Statistics

General Stats
  • This quiz has been taken 79 times
  • The average score is 13 of 24
Answer Stats
Titles Nationality Answer % Correct
24 Serbian Novak Djokovic
100%
23 American Serena Williams
100%
22 Spanish Rafael Nadal
98%
20 Swiss Roger Federer
97%
14 American Pete Sampras
91%
22 German Steffi Graf
88%
24 Australian Margaret Court
83%
8 American Andre Agassi
82%
11 Swedish Björn Borg
80%
18 Czechoslovak Martina Navratilova
78%
8 Czech-American Ivan Lendl
77%
11 Australian Rod Laver
75%
9 Yugoslav-American Monica Seles
62%
18 American Chris Evert
60%
12 American Billie Jean King
58%
8 American Jimmy Connors
37%
8 Australian Ken Rosewall
18%
10 American Bill Tilden
11%
12 Australian Roy Emerson
3%
8 British Fred Perry
2%
19 American Helen Wills
0%
9 American Maureen Connolly
0%
8 Norwegian-American Molla Mallory
0%
8 French Suzanne Lenglen
0%
No matching quizzes found
Score Distribution
Percent of People with Each Score
Percentile by Number Answered
Your Score History
You have not taken this quiz